Teórie hodnoty a rozdeľovania od A. Smitha ideológia a ekonomická teória
Salvato in:
| Autore principale: | |
|---|---|
| Natura: | Libro |
| Lingua: | slovacco |
| Pubblicazione: |
Bratislava
Pravda
1980
|
| Serie: | Diela svetových ekonómov
|
| Tags: |
Nessun Tag, puoi essere il primo ad aggiungerne!!
|
MARC
| LEADER | 00000nam a2200000 4500 | ||
|---|---|---|---|
| 001 | c119409 | ||
| 005 | 20041019155214.0 | ||
| 041 | 0 | |a slo | |
| 044 | |a SK | ||
| 245 | 1 | 0 | |a Teórie hodnoty a rozdeľovania od A. Smitha |b ideológia a ekonomická teória |c Maurice Dobb |
| 264 | 1 | |a Bratislava |b Pravda |c 1980 | |
| 300 | |a 395 s. | ||
| 490 | 1 | |a Diela svetových ekonómov | |
| 830 | 0 | |a Diela svetových ekonómov | |
| 100 | 1 | |a Dobb, Maurice | |